00305nam a2200121Ia 4500008004100000041000800041082001500049100001900064245002300083260003500106300003100141365001100172240624s9999 xx 000 0 und d aeng a658.15 MAN aMANOJ KHUSHBOO aFINANCIAL SERVICES c2011aNew DelhibCentrum Press avii, : 280 : p. : cm. ; 22 cRSb20